Los cuatros dragones asiáticos: economía, política y sociedad /

Detalles Bibliográficos
Autor principal: Bustelo, Pablo
Formato: Libro
Publicado: Madrid : Editorial ESIC, 1994.
Materias:
Etiquetas: Agregar Etiqueta
Sin Etiquetas, Sea el primero en etiquetar este registro!

MARC

LEADER 00000nam a22000004a 4500
001 AR-BbUGT4223
003 AR-BbUGT
005 20210923154838.0
007 ta
008 061101t1994 ||| |0|||0| d
020 |a 84-7356-090-6 
040 |a AR-BbUGT  |b spa  |c AR-BbUGT 
082 0 4 |a 950 
100 1 |a Bustelo, Pablo. 
245 1 4 |a Los cuatros dragones asiáticos:   |b economía, política y sociedad /   |c Pablo Bustelo. 
260 |a Madrid :   |b Editorial ESIC,   |c 1994. 
300 |a 123 p. 
504 |a Bibliografía: p. 111. 
651 4 |9 274  |a China 
653 |a Asia 
653 |a Corea 
653 |a Taiwan 
653 |a Economía de Asia 
942 |c BK  |h 950  |i B969  |2 ddc  |6 950_000000000000000_B969 
999 |c 11524  |d 11524